[Event "Jermuk Asrian Memorial 4th"]
[Site "Jermuk"]
[Date "2011.06.21"]
[Round "6"]
[White "Gvetadze, Sofio"]
[Black "Tamazyan, Haik G"]
[Result "0-1"]
[WhiteElo "2330"]
[BlackElo "2190"]
[PlyCount "148"]
[EventDate "2011.06.16"]
[EventType "swiss"]
[EventRounds "9"]
[EventCountry "ARM"]
[SourceTitle "CBM 143 Extra"]
[Source "ChessBase"]
[SourceDate "2011.08.29"]
[SourceVersion "1"]
[SourceVersionDate "2011.08.29"]
[SourceQuality "1"]

1. d4 Nf6 2. Nf3 e6 3. e3 b6 4. Bd3 Bb7 5. Nbd2 d6 6. 0-0 Nbd7 7. b3 g6 8. Bb2 Bg7 9. e4 0-0 10. e5 dxe5 11. dxe5 Nd5 12. Re1 Nc5 13. Bf1 a5 14. g3 Qd7 15. a3 Rfd8 16. Qe2 Ba6 17. c4 Ne7 18. Nd4 Nf5 19. N2f3 Bb7 20. Rad1 Qe8 21. Bg2 Nxd4 22. Nxd4 Bxg2 23. Kxg2 Rxd4 24. Bxd4 Nxb3 25. Qe4 Bf8 26. Bb2 Nc5 27. Qf3 Rb8 28. Rd6 b5 29. cxb5 Qxb5 30. Bc1 Nb3 31. Rdd1 c5 32. Be3 c4 33. Ba7 Rc8 34. Bd4 Bxa3 35. Bc3 Be7 36. Kg1 a4 37. Rd6 Nc5 38. Qg4 a3 39. h4 h5 40. Qd4 Nd3 41. Ra1 Bxd6 42. exd6 e5 43. Qa7 Qd5 44. Qe7 Qc5 45. d7 Qxf2+ 46. Kh1 Qf3+ 47. Kh2 Qe2+ 48. Kg1 Qe3+ 49. Kh2 Qf2+ 50. Kh1 Qf3+ 51. Kh2 Rb8 52. d8Q+ Rxd8 53. Qxd8+ Kh7 54. Ra2 Nf2 55. Kg1 Qxg3+ 56. Kf1 Ng4 57. Qe7 Qd3+ 58. Kg2 Qe4+ 59. Kg3 Kg7 60. Bb4 Qf4+ 61. Kg2 Qh2+ 62. Kf1 Qxa2 63. Qf8+ Kf6 64. Qd8+ Kf5 65. Qd7+ Ke4 66. Qb7+ Ke3 67. Bc5+ Kf4 68. Qxf7+ Kg3 69. Qf6 Qg2+ 70. Ke1 a2 71. Bd4 exd4 72. Qd6+ Kh3 73. Qxd4 a1Q+ 74. Qxa1 Qg1+ 0-1

[Event "Jermuk Asrian Memorial 3rd"]
[Site "Jermuk"]
[Date "2010.10.13"]
[Round "9"]
[White "Dilanyan, Grigor"]
[Black "Tamazyan, Haik G"]
[Result "0-1"]
[WhiteElo "2245"]
[BlackElo "2151"]
[PlyCount "56"]
[EventDate "2010.10.05"]
[EventType "swiss"]
[EventRounds "9"]
[EventCountry "ARM"]
[SourceTitle "CBM 138 Extra"]
[Source "ChessBase"]
[SourceDate "2010.10.29"]
[SourceVersion "1"]
[SourceVersionDate "2010.10.29"]
[SourceQuality "1"]

1. Nf3 g6 2. d4 Bg7 3. e4 d6 4. Bg5 c5 5. Bc4 cxd4 6. 0-0 Nc6 7. Re1 Bg4 8. Nbd2 Nf6 9. h3 Bxf3 10. Nxf3 Nd7 11. Bd5 h6 12. Bh4 Qb6 13. c3 dxc3 14. bxc3 Qc7 15. Rb1 Nc5 16. e5 dxe5 17. Qe2 0-0 18. Qb5 e6 19. Bxc6 Qxc6 20. Nxe5 Qxb5 21. Rxb5 b6 22. c4 g5 23. Bg3 Rfd8 24. Re2 Rd1+ 25. Kh2 Rc8 26. Rc2 Ne4 27. Nf3 Nxg3 28. Kxg3 Rc5 0-1

[Event "EU-ch U18"]
[Site "Batumi"]
[Date "2010.09.27"]
[Round "8"]
[White "Bakunts, Rafael"]
[Black "Tamazyan, Haik G"]
[Result "1/2-1/2"]
[WhiteElo "2086"]
[BlackElo "2151"]
[PlyCount "93"]
[EventDate "2010.09.20"]
[EventType "swiss"]
[EventRounds "9"]
[EventCountry "GEO"]
[SourceTitle "CBM 138 Extra"]
[Source "ChessBase"]
[SourceDate "2010.10.29"]
[SourceVersion "1"]
[SourceVersionDate "2010.10.29"]
[SourceQuality "1"]

1. e4 e5 2. Nf3 Nc6 3. Bb5 a6 4. Ba4 Nge7 5. 0-0 d6 6. c3 Bd7 7. d4 Ng6 8. Be3 Be7 9. d5 Nb8 10. Bc2 h6 11. c4 Bg5 12. Nc3 Bg4 13. h3 Bxf3 14. Qxf3 0-0 15. c5 a5 16. Rac1 dxc5 17. g3 Na6 18. Kh2 c4 19. Qe2 Bxe3 20. fxe3 Qe7 21. Qxc4 Qb4 22. Qxb4 axb4 23. Nb5 Rad8 24. Rfd1 Rd7 25. Bb3 Rfd8 26. a3 Ne7 27. axb4 c6 28. dxc6 bxc6 29. Na3 Rxd1 30. Rxd1 Rxd1 31. Bxd1 Nxb4 32. Be2 Nc8 33. Nc4 f6 34. Kg2 Kf8 35. Kf2 Ke7 36. Ke1 Nd6 37. Nxd6 Kxd6 38. Kd2 c5 39. Bb5 Nc6 40. Bxc6 Kxc6 41. Kc3 Kb5 42. g4 c4 43. h4 g6 44. h5 gxh5 45. gxh5 Kc5 46. b3 cxb3 47. Kxb3 1/2-1/2

[Event "EU-ch U18"]
[Site "Batumi"]
[Date "2010.09.23"]
[Round "4"]
[White "Javakhadze, Zurab"]
[Black "Tamazyan, Haik G"]
[Result "1-0"]
[WhiteElo "2358"]
[BlackElo "2151"]
[PlyCount "51"]
[EventDate "2010.09.20"]
[EventType "swiss"]
[EventRounds "9"]
[EventCountry "GEO"]
[SourceTitle "CBM 138 Extra"]
[Source "ChessBase"]
[SourceDate "2010.10.29"]
[SourceVersion "1"]
[SourceVersionDate "2010.10.29"]
[SourceQuality "1"]

1. Nf3 Nf6 2. g3 d5 3. Bg2 c5 4. 0-0 Nc6 5. d4 Bg4 6. Ne5 cxd4 7. Nxg4 Nxg4 8. e3 h5 9. exd4 e6 10. c4 dxc4 11. Nc3 Nxd4 12. Bxb7 Rb8 13. Bg2 Bc5 14. Ne4 Bb6 15. h3 Nf6 16. Bg5 h4 17. gxh4 Qc7 18. Ng3 Bc5 19. Rc1 Rxb2 20. Rxc4 Qe5 21. Kh1 0-0 22. Qc1 Rxf2 23. Rxf2 Qxg3 24. Rxf6 Ne2 25. Rf3 Qe5 26. Rxc5 1-0

[Event "World ol U16 07th"]
[Site "Mersin"]
[Date "2008.08.19"]
[Round "4"]
[White "Prasanna Raghuram, Rao"]
[Black "Tamazyan, Haik G"]
[Result "0-1"]
[WhiteElo "2233"]
[BlackElo "2139"]
[PlyCount "126"]
[EventDate "2008.08.17"]
[EventType "team-swiss"]
[EventRounds "10"]
[EventCountry "TUR"]
[SourceTitle "CBM 126 Extra"]
[Source "ChessBase"]
[SourceDate "2008.11.05"]
[SourceVersion "1"]
[SourceVersionDate "2008.11.05"]
[SourceQuality "1"]

1. e4 e5 2. Nf3 Nc6 3. Bb5 a6 4. Ba4 Nf6 5. d3 b5 6. Bb3 Be7 7. c3 d6 8. Nbd2 0-0 9. 0-0 Na5 10. Bc2 c5 11. Re1 Nc6 12. Nf1 Qb6 13. Ng3 Bd7 14. h3 b4 15. Ba4 bxc3 16. bxc3 Rfb8 17. Nh4 g6 18. Bg5 Qd8 19. Nf3 Qa5 20. Nh4 Ra7 21. Qf3 Ne8 22. Bxe7 Nxe7 23. Bb3 Be6 24. Bxe6 fxe6 25. Ne2 Ng7 26. Qe3 Rb2 27. a4 Rab7 28. Nf3 Kh8 29. Ng5 Ng8 30. f4 h6 31. Nf3 exf4 32. Nxf4 Kh7 33. Ne2 e5 34. Nd2 Qd8 35. Nc4 R2b3 36. Rf1 Ne6 37. Nd2 Rb2 38. Rf2 Rd7 39. Nc4 Rb3 40. Raf1 Kg7 41. Qd2 Rbb7 42. Qa2 Qe8 43. a5 Nd8 44. Qa4 Qe6 45. d4 cxd4 46. cxd4 Rf7 47. d5 Qd7 48. Qxd7 Rfxd7 49. Nb6 Rdc7 50. Rf8 Nf7 51. Ra8 Nf6 52. Ng3 h5 53. h4 Rc3 54. Rf3 Rc1+ 55. Rf1 Rc3 56. Rf3 Rc1+ 57. Nf1 Nxe4 58. Rxa6 Nc5 59. Ra8 e4 60. Rf2 e3 61. Re2 Ne5 62. Rxe3 Rf7 63. Ra3 Rcxf1+ 0-1

[Event "Moscow Dvorkovich Cup U16 3rd"]
[Site "Moscow"]
[Date "2008.07.??"]
[Round "1"]
[White "Moussard, Jules"]
[Black "Tamazyan, Haik G"]
[Result "1-0"]
[WhiteElo "2255"]
[BlackElo "2139"]
[PlyCount "109"]
[EventDate "2008.07.??"]
[EventType "team-tourn"]
[EventRounds "12"]
[EventCountry "RUS"]
[SourceTitle "CBM 125 Extra"]
[Source "ChessBase"]
[SourceDate "2008.09.01"]
[SourceVersion "1"]
[SourceVersionDate "2008.09.01"]
[SourceQuality "1"]

1. e4 e5 2. Nf3 Nc6 3. Bb5 a6 4. Ba4 Nf6 5. 0-0 Be7 6. Re1 b5 7. Bb3 0-0 8. d4 d6 9. c3 Bg4 10. Be3 exd4 11. cxd4 Na5 12. Bc2 c5 13. d5 Nc4 14. Bc1 Nd7 15. h3 Bxf3 16. Qxf3 Bf6 17. Nc3 Qa5 18. Qd3 Nde5 19. Qe2 Nxb2 20. Bxb2 Nc4 21. e5 Bxe5 22. Bxh7+ Kxh7 23. Qh5+ Kg8 24. Ne4 f6 25. Bxe5 Nxe5 26. Nxd6 Qd8 27. Ne4 Qxd5 28. Rad1 Qf7 29. Qxf7+ Rxf7 30. Nxc5 Rc7 31. Ne6 Rc6 32. Nd4 Rc4 33. Nf5 b4 34. Rd2 a5 35. Nd6 Rc6 36. f4 Ng6 37. Nf5 Ra7 38. g3 Rc5 39. Ne3 Re7 40. Kf2 Rc3 41. h4 Nf8 42. h5 a4 43. Rd4 b3 44. axb3 axb3 45. Rd2 Kf7 46. g4 Nd7 47. g5 fxg5 48. fxg5 g6 49. h6 Nc5 50. Rd8 Ne6 51. h7 Nxd8 52. h8Q Ne6 53. Qf6+ Ke8 54. Nd5 Rc2+ 55. Kg1 1-0

[Event "Moscow Dvorkovich Cup U16 3rd"]
[Site "Moscow"]
[Date "2008.07.??"]
[Round "2"]
[White "Tamazyan, Haik G"]
[Black "Moussard, Jules"]
[Result "1-0"]
[WhiteElo "2139"]
[BlackElo "2255"]
[PlyCount "115"]
[EventDate "2008.07.??"]
[EventType "team-tourn"]
[EventRounds "12"]
[EventCountry "RUS"]
[SourceTitle "CBM 125 Extra"]
[Source "ChessBase"]
[SourceDate "2008.09.01"]
[SourceVersion "1"]
[SourceVersionDate "2008.09.01"]
[SourceQuality "1"]

1. Nf3 Nf6 2. b3 e6 3. Bb2 d5 4. e3 Bd6 5. d3 0-0 6. g3 Nbd7 7. Nbd2 e5 8. Bg2 Re8 9. e4 c6 10. 0-0 Nf8 11. Re1 Ng6 12. Nf1 Bc7 13. exd5 cxd5 14. d4 e4 15. N3d2 Bg4 16. Qc1 Qd7 17. Ne3 Bh3 18. Bh1 Ng4 19. c4 Nxe3 20. Rxe3 Rac8 21. Qc2 f5 22. f4 exf3 23. Rxe8+ Rxe8 24. Bxf3 f4 25. Bxd5+ Kh8 26. Ne4 fxg3 27. Ng5 Rf8 28. Re1 Rf2 29. Qe4 Rf8 30. Ba3 gxh2+ 31. Kh1 Bf5 32. Qe3 Bf4 33. Bxf8 Bxe3 34. Nf7+ Kg8 35. Ne5+ Qxd5+ 36. cxd5 Bf4 37. Bd6 Nh4 38. Nc4 g5 39. Bxf4 gxf4 40. Rf1 f3 41. Kxh2 Be4 42. d6 Bc6 43. Ne5 Kf8 44. Nxc6 bxc6 45. Kg3 Nf5+ 46. Kxf3 Nxd6 47. Rc1 Nf5 48. Ke4 Ne7 49. Ke5 Kf7 50. Rf1+ Kg6 51. Ke6 Nd5 52. Rg1+ Kh5 53. Kd6 Nb4 54. Kc5 a5 55. a3 Nc2 56. Rc1 Nxa3 57. Kxc6 Kg6 58. d5 1-0

[Event "Moscow Dvorkovich Cup U16 3rd"]
[Site "Moscow"]
[Date "2008.07.??"]
[Round "5"]
[White "Tamazyan, Haik G"]
[Black "Nyzhnyk, Illya"]
[Result "1-0"]
[WhiteElo "2139"]
[BlackElo "2428"]
[PlyCount "121"]
[EventDate "2008.07.??"]
[EventType "team-tourn"]
[EventRounds "12"]
[EventCountry "RUS"]
[SourceTitle "CBM 125 Extra"]
[Source "ChessBase"]
[SourceDate "2008.09.01"]
[SourceVersion "1"]
[SourceVersionDate "2008.09.01"]
[SourceQuality "1"]

1. e4 c5 2. Nf3 Nc6 3. d4 cxd4 4. Nxd4 Qb6 5. Nb3 Nf6 6. Nc3 e6 7. Bd3 a6 8. Be3 Qc7 9. f4 d6 10. Qf3 b5 11. g4 Bb7 12. g5 Nd7 13. 0-0-0 Rc8 14. Kb1 Be7 15. Qh3 b4 16. Ne2 Nf8 17. Ned4 Nxd4 18. Nxd4 g6 19. Rhf1 Qd7 20. Qh6 Rg8 21. Qh4 Qc7 22. Rf2 h5 23. Rdf1 d5 24. f5 dxe4 25. fxe6 Nxe6 26. Bxe4 Nd8 27. Bxb7 Qxb7 28. Qg3 Qd5 29. h4 Ne6 30. Nxe6 fxe6 31. Rf7 Qe4 32. Qf2 Bd6 33. Bd4 Rc4 34. Bg7 Bc5 35. Qh2 Bd6 36. Qd2 Qd5 37. Qf2 Bc5 38. Qe2 Qe4 39. Qd2 Qd5 40. Qc1 Qe4 41. Qd1 Qd5 42. Qe1 Qe4 43. Qd2 Qd5 44. Qh2 Bd6 45. Qf2 Bc5 46. Qf6 Qe4 47. Rc1 Qf5 48. Rc7 Rxg7 49. Qxg7 Rd4 50. Qh8+ Qf8 51. Qe5 Qd6 52. Qxc5 Qxc5 53. Rxc5 Rxh4 54. Rc7 Rg4 55. Rb7 h4 56. Rh1 Rxg5 57. Rh7 e5 58. R7xh4 Rf5 59. Re4 Kf8 60. Rhe1 a5 61. Rxe5 1-0

[Event "Wch U20 46th"]
[Site "Yerevan"]
[Date "2007.10.12"]
[Round "9"]
[White "Simonian, Hrair"]
[Black "Tamazyan, Haik G"]
[Result "1-0"]
[WhiteElo "2405"]
[BlackElo "2072"]
[PlyCount "111"]
[EventDate "2007.10.03"]
[EventType "swiss"]
[EventRounds "13"]
[EventCountry "ARM"]
[SourceTitle "CBM 120 Extra"]
[Source "ChessBase"]
[SourceDate "2007.11.01"]
[SourceVersion "1"]
[SourceVersionDate "2007.11.01"]
[SourceQuality "1"]

1. e4 e5 2. Nf3 Nc6 3. Bb5 a6 4. Bxc6 dxc6 5. Nc3 Bc5 6. d3 Qd6 7. Qe2 Ne7 8. Be3 Be6 9. Ng5 Bd4 10. Bxd4 exd4 11. Nd1 Ng6 12. g3 0-0-0 13. f4 f5 14. Nxe6 Qxe6 15. Nf2 Kb8 16. exf5 Qxf5 17. 0-0-0 Rhe8 18. Ne4 Ne7 19. Qf2 Qa5 20. Kb1 Nf5 21. Qd2 Qb6 22. Rde1 Ne3 23. Nf2 a5 24. Nd1 Nd5 25. Rxe8 Rxe8 26. Re1 Rd8 27. Re5 a4 28. a3 c5 29. c4 Nf6 30. Nf2 Qc6 31. Ne4 Re8 32. Rxe8+ Nxe8 33. Qe2 Nf6 34. Nxf6 gxf6 35. Kc2 Ka7 36. g4 Qd6 37. Qe4 c6 38. h4 h6 39. Kb1 b5 40. cxb5 cxb5 41. g5 fxg5 42. hxg5 hxg5 43. fxg5 Qg3 44. g6 Qg1+ 45. Ka2 Qd1 46. Qd5 Qxd3 47. g7 c4 48. Qxb5 Qg3 49. Qxa4+ Kb6 50. Qb4+ Ka7 51. Qc5+ Kb7 52. Qd5+ Ka7 53. Qxd4+ Kb7 54. Qd5+ Kb6 55. g8Q Qb3+ 56. Ka1 1-0

[Event "EU-ch U12"]
[Site "Herceg Novi"]
[Date "2005.09.15"]
[Round "2"]
[White "Tamazyan, Haik G"]
[Black "Sjugirov, Sanan"]
[Result "0-1"]
[WhiteElo "1980"]
[BlackElo "2358"]
[PlyCount "68"]
[EventDate "2005.09.14"]
[EventType "swiss"]
[EventRounds "9"]
[EventCountry "YUG"]
[SourceTitle "CBM 108 Extra"]
[Source "ChessBase"]
[SourceDate "2005.11.04"]
[SourceVersion "1"]
[SourceVersionDate "2005.11.04"]
[SourceQuality "1"]

1. e4 c5 2. Ne2 d6 3. g3 g6 4. Bg2 Bg7 5. c3 Nc6 6. d4 cxd4 7. cxd4 Qb6 8. d5 Nd4 9. Nbc3 Bg4 10. 0-0 Nxe2+ 11. Nxe2 Nf6 12. h3 Bd7 13. Rb1 0-0 14. Be3 Qa6 15. Nc3 Rfc8 16. Qb3 b5 17. Rfc1 Qb7 18. Ne2 Ne8 19. Nd4 Rab8 20. Bf1 a6 21. Qb4 Qa8 22. Qa5 h5 23. Nc2 h4 24. g4 f5 25. f3 fxe4 26. fxe4 Nf6 27. Bg2 e6 28. Nb4 exd5 29. exd5 Rxc1+ 30. Rxc1 Re8 31. Bd4 Nxg4 32. Bxg7 Qa7+ 33. Kh1 Nf2+ 34. Kh2 Qe3 0-1